000 00844nam a22002057a 4500
999 _c17809
_d17809
003 AR-CdUCM
008 190509b ||||| |||| 00| 0 spa d
040 _aMUNICIPALIDAD PROVINCIAL DEL CUSCO
_cBIBLIOTECA MUNICIPAL DEL CUSCO
082 _a301.6 /
_bW26
100 _aWare, Caroline F.
_937989
245 _aEstudio de la comunidad /
260 _aBuenos Aires :
_bHvmanitas,
_c1968.
300 _a164 paginas ;
_c20 cm.
440 _aDesarrollo social
_n2
_937990
505 _aContenido: Caracteristicas basicas de una comunidad -- Metodos tecnicos para estudiar una comunidad -- Organismos y recursos para el servicio de la comunidad -- Principios basicos y procedimientos practicos para organizar programas en la comunidad...
650 _aComunidad
_940
650 _aHistoria
_9136
942 _2ddc
_cLIBROS
945 _apjha
_d2019-05-09